00628nam a22001937a 450000500170000001000260001702000270004303500140007003500140008403700130009808200080011110000220011924500960014125000180023726000540025527000530030930000220036250000500038420221212105229.0 aENG-116497 ENG-135819 a9789350981108c1250.00 aEN-100029 aEN-119351 bDBAD/PUB a954 aMani, Braj Ranjan aDebrahmanising history :bDominance and resistance in Indian society /cby Braj Ranjan Mani aext. rev. ed. aNew DelhibManohar Publisher & Distributorsc2015 a4753/23 Ansari Road,DaryaganjbNew Delhie110002 a466p. c22cm (Hb) aIncludes bibliographical references and index